| 000 | 00900nam a2200217Ia 4500 | ||
|---|---|---|---|
| 003 | GCL | ||
| 008 | 140319s9999 xx 000 0 ara d | ||
| 020 | _a1066689960 | ||
| 040 |
_aGCL / _cGCL |
||
| 082 | 0 | 4 |
_a327.5310532 _bت م |
| 100 | 1 | _aتركى بن محمد بن تركى الماضى | |
| 245 | 1 | 0 |
_aمن مذكرات تركى بن محمد بن تركى الماضى عن العلاقات : _bالفترة من1342- 1371 هـ \ 1924- 1954 م / _cتركى بن محمد بن تركى الماضى |
| 250 | _aالاولى | ||
| 260 |
_aالرياض : _bدار الشبل للنشر والتوزيع والطباعة ، _c1997 |
||
| 300 |
_a467 ص ؛ _c24 سم |
||
| 490 | _a | ||
| 650 | 0 | 4 | _aالعلاقات الخارجية |
| 650 | 0 | 4 | _aاليمن - العلاقات الخارجية |
| 650 | 0 | 4 | _aالسعودية - العلاقات الخارجية - اليمن |
| 942 |
_2ddc _cBK |
||
| 999 |
_c34042 _d34042 |
||